LEADER 04030nam 2200829 450 001 9910789012503321 005 20230125193540.0 010 $a1-60649-410-4 035 $a(CKB)3710000000093643 035 $a(EBL)1048422 035 $a(SSID)ssj0001173072 035 $a(PQKBManifestationID)12462036 035 $a(PQKBTitleCode)TC0001173072 035 $a(PQKBWorkID)11194748 035 $a(PQKB)11274573 035 $a(OCoLC)875010393 035 $a(CaBNVSL)swl00403280 035 $a(Au-PeEL)EBL1048422 035 $a(CaPaEBR)ebr10849986 035 $a(CaONFJC)MIL581329 035 $a(OCoLC)875004422 035 $a(CaSebORM)9781606494097 035 $a(MiAaPQ)EBC1048422 035 $a(EXLCZ)993710000000093643 100 $a20140327d2014 fy 0 101 0 $aeng 135 $aur|n|---||||| 181 $ctxt 182 $cc 183 $acr 200 10$aBurma $ebusiness and investment opportunities in emerging Myanmar /$fBalbir B. Bhasin 205 $aFirst edition. 210 1$aNew York, New York (222 East 46th Street, New York, NY 10017) :$cBusiness Expert Press,$d2014. 215 $a1 online resource (172 p.) 225 1 $aInternational business collection,$x1948-2760 300 $aPart of: 2014 digital library. 311 $a1-60649-409-0 320 $aIncludes bibliographical references (pages 139-151) and index. 327 $aIntroduction -- Acknowledgments -- 1. Background: understanding Myanmar -- 2. Business potential and markets -- 3. Recognizing and mitigating risks -- 4. Strategies for success in emerging Myanmar -- 5. Epilogue: opportunities and challenges in an emerging Myanmar -- 6. Web resources -- Notes -- References -- Index. 330 3 $aThis book is a practical and comprehensive guide to succeeding in doing business and investing in emerging Myanmar, formerly known as Burma. It covers the newly emerging country's history, geography, demographics and market size, political environment, economic conditions and industries, legal framework, cultural idiosyncrasies including religious issues. It also discusses language, beliefs and customs, business etiquette and attitudes, management and working styles, meetings and decision making, and negotiation strategies that work. It identifies incentives offered with regard to tax relief and repatriation of profits, the various sectors that are opening up, and where opportunities for participation exist. It also highlights the risks inherent in entering an emerging and new market economy and suggests ways of mitigating these risks. Strategies for success in an emerging Myanmar are propounded for both investors and businesses. This book allows for a deeper understanding of the business environment in Myanmar. You will be better able to evaluate the risk factors and options available and then make meaningful investment and business decisions. 410 0$a2014 digital library. 410 0$aInternational business collection.$x1948-2760 606 $aInvestments, Foreign$zBurma 606 $aBusiness enterprises, Foreign$zBurma 607 $aBurma$xCommerce 610 $aBurma 610 $aMyanmar 610 $aAssociation of Southeast Asian Nations 610 $aAsian cultures 610 $abusiness opportunities 610 $abusiness strategy 610 $across-cultural communications 610 $aemerging markets 610 $aforeign direct investment 610 $aglobal business 610 $aglobal strategy 610 $atechnology transfer 610 $ainternational trade 610 $ainternational management 610 $ainternational marketing 610 $ainternational marketing research 615 0$aInvestments, Foreign 615 0$aBusiness enterprises, Foreign 676 $a338.9591 700 $aBhasin$b Balbir B.$01549508 801 0$bMiAaPQ 801 1$bMiAaPQ 801 2$bMiAaPQ 906 $aBOOK 912 $a9910789012503321 996 $aBurma$93807635 997 $aUNINA LEADER 03281oam 2200745 c 450 001 9910973863903321 005 20260302090207.0 010 $a3-657-78399-7 024 7 $a10.30965/9783657783991 035 $a(CKB)4330000000532787 035 $a(GyWOH)har160252138 035 $a(nllekb)BRILL9783657783991 035 $a(MiAaPQ)EBC6517588 035 $a(Au-PeEL)EBL6517588 035 $a(OCoLC)1243546350 035 $a(Brill | Scho?ningh)9783657783991 035 $a(Brill | Schöningh)9783657783991 035 $a(EXLCZ)994330000000532787 100 $a20260302d2017 uy 0 101 0 $ager 135 $aurun####uuuua 181 $2rdacontent 182 $2rdamedia 183 $2rdacarrier 200 10$aLand ohne Hoffnung?$eArabischer Nationalismus, politischer Islam und die Zukunft Palästinas$fAref Hajjaj 205 $a1st ed. 210 $aPaderborn$cBrill | Schöningh$d2017 215 $a1 online resource 311 08$a3-506-78399-8 320 $aIncludes bibliographical references. 327 $aPreliminary Material -- Einleitung -- Geistige Wurzeln des arabischen Nationalismus -- Panarabismus und Palästina-Konflikt (1939 ? 1967) -- Die Vertreibung der Palästinenser -- Arabischer Nationalismus, Zionismus und das Ende der Zweistaaten-Lösung -- Zum Zusammenleben verurteilt -- Ausblick -- Anmerkungen -- Literaturverzeichnis -- Personenregister. 330 $aDas Buch begibt sich auf die ? auch nach Europa führenden ? historischen Spuren des arabischen Nationalismus und des politischen Islam. Es erklärt die Zusammenhänge zwischen dem Palästinakonflikt und dem Flächenbrand, der den Irak und Syrien erfasst hat. Aref Hajjaj vertritt die Ansicht, dass der aktuelle Dschihadismus, wie er sich im »Islamischen Staat« zeigt, viel enger mit weltlich orientierten Kräften des arabischen Nationalismus verbunden ist, als viele Medienberichte glauben machen wollen. Der Irakkrieg und die Repressionen gegen die Palästinenser durch Israel haben zur gegenwärtigen Krise im Nahen und Mittleren Osten entscheidend beigetragen. Ein eigener palästinensischer Staat ist durch den israelischen Siedlungsbau inzwischen unmöglich geworden. Hajjaj plädiert daher langfristig für einen gemeinsamen Staat von Israelis und Palästinensern, für den beide Seiten von ihrem jeweiligen Nationalismus Abschied nehmen müssten. 606 $aHama 606 $aDschihad 606 $aIslam 606 $aIslamischer Staat 606 $aIslamismus 606 $aNahostkrise 606 $aPalästina 606 $aSaddam Hussein 606 $aSyrien 606 $aZionismus 606 $aIrakkrieg 606 $aArabischer Frühling 615 4$aHama 615 4$aDschihad 615 4$aIslam 615 4$aIslamischer Staat 615 4$aIslamismus 615 4$aNahostkrise 615 4$aPalästina 615 4$aSaddam Hussein 615 4$aSyrien 615 4$aZionismus 615 4$aIrakkrieg 615 4$aArabischer Frühling 676 $a320.5409174927 700 $aHajjaj$b Aref$4aut$01836568 801 0$bMiAaPQ 801 1$bMiAaPQ 801 2$bMiAaPQ 906 $aBOOK 912 $a9910973863903321 996 $aLand ohne Hoffnung$94414738 997 $aUNINA